LEADER 01104nam a2200289 a 4500 001 000000129640 003 CaOOAMICUS 005 20120713110510.0 008 120713s2011 it dh u000 u ita r 020 $a978-88-244-5978-5 040 $aPUL$bita 082 04$a010 245 00$aElementi di biblioteconomia con test di verifica . 250 $a6. ed. 260 $aNapoli :$bSimone,$c©2011. 300 $a384 p. :$bgrafici, facsim. ;$c19 cm 490 1 $aTimone ;$v203 650 4$aBiblioteconomia.$0(OLS)http://pul/subject/15883 830 0$aTimone (Simone) ;$v203.$0(OLS)http://pul/title/163860 850 $aPUL 852 $aPUL$W1$xSL Cons. Gen., Altre Classi 3$y75$m010 BIBLIO 1$j150120$qDDC 21$B148655$CPULBib$Z2$F148655 $H120236 $82 941 1 $a9 996 $6020$a978-88-244-5978-5$9(OLS)http://pul/number/150266 996 $6082$a010$9(OLS)http://pul/classification/2283 996 $6245$aElementi di biblioteconomia con test di verifica $9(OLS)http://pul/title/163859 996 $6260$aNapoli :$bSimone$9(OLS)http://pul/publisher/62366 LEADER 00858naa a2200217 u 4500 001 000000093363 003 CaOOAMICUS 005 20070226130133.0 008 010703m19361937fr u000 u fre u 035 $a10895238 040 $aPUL(R)$bita 100 1 $aHammarskjöld, Å.$0(OLS)http://pul/name/60089 245 14$aLes immuntiés des personnes investies de fonctions internationales /$cpar Å. Hammarskjöld. 260 $a[S. l. :$bs. n.],$c1935-1936. 300 $aP. [107-211] 504 $aBibliografia in nota. 650 4$aDiritto internazionale penale.$0(OLS)http://pul/subject/25948 773 0 $tRecueil des cours$gv.II (1936) 773 0 $tRecueil des cours 1936$w()59608 996 $6245$aLes immuntiés des personnes investies de fonctions internationales$9(OLS)http://pul/title/120234 996 $6260$a[S. l. :$bs. n.]$9(OLS)http://pul/publisher/47882